Evaluation and Impact of Innovation for Economic Growth: Comparative Study of EU Countries and Slovakia

Inovačné procesov ako jeden z hlavných nástrojov dlhodobého hospodárskeho rastu regiónov. Kvantifikácia vplyvu inovácií hospodárskej situácie v Európe.

Salvato in:
Dettagli Bibliografici
Autore principale: Pisár, Peter
Altri autori: Musa, Hussam, Varga, Martin
Natura: Capitolo di libro
Lingua:inglese
Soggetti:
Tags: Aggiungi Tag
Nessun Tag, puoi essere il primo ad aggiungerne!!

MARC

LEADER 00000nla a2200000 4500
001 0241043
005 20240417075132.9
041 0 |a eng 
044 |a SK 
245 1 0 |a Evaluation and Impact of Innovation for Economic Growth: Comparative Study of EU Countries and Slovakia  |c Peter Pisár, Hussam Musa, Martin Varga 
520 |a Inovačné procesov ako jeden z hlavných nástrojov dlhodobého hospodárskeho rastu regiónov. Kvantifikácia vplyvu inovácií hospodárskej situácie v Európe. 
610 2 0 |a stratégia inovačná 
610 2 0 |a analýza komparatívna 
610 2 0 |a rast hospodársky 
610 2 0 |a Slovensko 
610 2 0 |a Európska únia 
100 1 |a Pisár, Peter 
700 1 |a Musa, Hussam 
700 1 |a Varga, Martin